Mathematik: Einstellige Zahlen multiplizieren schwere Version - Statistiken

Allgemein
  • Dieses Quiz wurde 1.425 mal gespielt
  • Das Durchschnittsergebnis liegt bei 28 aus 60
Antwortstatistiken
Hint Antwort % Korrekt
7*1 7
54%
5*8 40
53%
0*9 0
51%
4*0 0
51%
2*6 12
51%
6*2 12
51%
4*4 16
51%
3*9 27
51%
4*7 28
51%
1*3 3
51%
1*5 5
51%
8*1 8
51%
3*3 9
51%
7*0 0
50%
5*5 25
50%
7*7 49
50%
6*1 6
50%
8*8 64
50%
2*8 16
49%
3*6 18
49%
2*1 2
49%
3*7 21
49%
5*6 30
49%
2*4 8
49%
0*6 0
48%
1*0 0
48%
1*1 1
48%
1*2 2
48%
5*4 20
48%
6*5 30
48%
1*4 4
48%
0*1 0
47%
0*7 0
47%
5*0 0
47%
9*0 0
47%
5*2 10
47%
6*3 18
47%
7*3 21
47%
4*6 24
47%
4*8 32
47%
1*6 6
47%
3*2 6
47%
0*0 0
46%
0*2 0
46%
0*8 0
46%
7*2 14
46%
6*4 24
46%
9*3 27
46%
7*4 28
46%
8*4 32
46%
5*9 45
46%
5*1 5
46%
7*8 56
46%
9*8 72
46%
9*9 81
46%
3*0 0
45%
4*5 20
45%
3*1 3
45%
4*9 36
45%
6*9 54
45%
2*3 6
45%
0*4 0
44%
2*0 0
44%
3*4 12
44%
2*7 14
44%
3*5 15
44%
5*3 15
44%
9*2 18
44%
5*7 35
44%
4*1 4
44%
9*5 45
44%
8*7 56
44%
1*7 7
44%
4*2 8
44%
9*1 9
44%
6*0 0
43%
2*5 10
43%
4*3 12
43%
3*8 24
43%
8*3 24
43%
6*7 42
43%
8*6 48
43%
9*6 54
43%
1*8 8
43%
1*9 9
43%
2*9 18
42%
2*2 4
42%
6*8 48
42%
7*5 35
41%
8*5 40
41%
7*9 63
41%
0*3 0
40%
8*0 0
40%
6*6 36
40%
9*4 36
40%
0*5 0
39%
8*2 16
39%
9*7 63
39%
8*9 72
39%
7*6 42
38%
Keine übereinstimmenden Quizze gefunden
Verteilung der Resultate
Anzahl Personen mit jedem Resultat
Perzentil nach korrekt beantworteten Fragen
Ihre Resultats-Entwicklung
Sie haben dieses Quiz noch nicht gespielt